|
|
|
|
| LEADER |
00000nam0a2200000 4500 |
| 001 |
372302 |
| 005 |
20231102012449.0 |
| 010 |
|
|
|a 5211011171
|
| 035 |
|
|
|a (RuTPU)RU\TPU\retro\29725
|
| 035 |
|
|
|a RU\TPU\book\223346
|
| 090 |
|
|
|a 372302
|
| 100 |
|
|
|a 20221214d1990 k y0rusy50 ca
|
| 101 |
0 |
|
|a rus
|
| 102 |
|
|
|a RU
|
| 105 |
|
|
|a y z 001zy
|
| 200 |
1 |
|
|a Политика США в Юго-Восточной Азии
|f Е. А. Кутовая, Л. Л. Бочков
|
| 210 |
|
|
|a Москва
|c Изд-во МГУ
|d 1990
|
| 215 |
|
|
|a 126 с.
|
| 320 |
|
|
|a Библиогр.: с. 122-125
|
| 606 |
1 |
|
|a Внешняя политика США
|2 stltpush
|3 (RuTPU)RU\TPU\subj\2634
|9 31175
|
| 610 |
1 |
|
|a Юго-Восточная Азия
|
| 610 |
1 |
|
|a цели
|
| 610 |
1 |
|
|a методы
|
| 610 |
1 |
|
|a средства
|
| 686 |
|
|
|a Ф4(7США)9(5)
|v LBC/SL-A
|2 rubbk
|
| 700 |
|
1 |
|a Кутовая
|b Е. А.
|g Елена Алексеевна
|
| 701 |
|
1 |
|a Бочков
|b Л. Л.
|g Леонид Леонидович
|
| 801 |
|
1 |
|a RU
|b 63413507
|c 20111203
|
| 801 |
|
2 |
|a RU
|b 63413507
|c 20221214
|g RCR
|
| 942 |
|
|
|c BK
|